LEADER 01000nam a2200265 i 4500 001 000000041345 003 CaOOAMICUS 005 20150527000000.0 008 150527s1995 it u000 u ita u 013 $a12515 040 $aSeMil$bita 100 1 $aPeláez, Michelangelo <1930->.$0(OLS)http://semarc/name/17033 245 10$aEtica, professioni, virtù /$cMichelangelo Peláez. 250 $a2. ed. 260 $aMilano :$bAres,$cstampa 1995. 300 $a124 p. ;$c21 cm. 490 0 $aEmmaus. Nuova serie 500 $aIn preliminari : Dono di Mons. Rimoldi. 650 4$aEtica professionale.$0(OLS)http://semarc/subject/8762 830 0$aEmmaus. Nuova serie.$0(OLS)http://semarc/title/10128 850 $aSeMil 852 $aSeMil$W1$xVenegono$y1$m3N III 399$j7500$B7500$CSeMilBibl$Z2$F7500 $81 961 $aOmaggio: Rimoldi mons. Antonio 996 $6245$aEtica, professioni, virtù$9(OLS)http://semarc/title/49998 996 $6260$aMilano :$bAres$9(OLS)http://semarc/publisher/30250 LEADER 01318nam a2200289 i 4500 001 000000049802 003 CaOOAMICUS 005 20251015152643.0 008 961115s1986 it u000 u ita u 020 $a88-7016-043-2 040 $aSeMil$bita 100 1 $aMoltmann, Jürgen,$d<1926-2024>.$0(OLS)http://semarc/name/10148 240 10$aDiakonie im Horizont des Reiches Gottes.$0(OLS)http://semarc/title/456166 245 10$aDiaconia :$bil servizio cristiano nella prospettiva del Regno di Dio /$cJürgen Moltmann ; introduzione di Alberto Taccia. 264 1$aTorino :$bClaudiana,$c1986. 300 $a123 p. ;$c20 cm 490 1 $aPiccola collana moderna ;$v52 650 4$aDiaconato.$0(OLS)http://semarc/subject/3850 700 1 $aTaccia, Alberto <1927->.$0(OLS)http://semarc/name/24662 830 0$aPiccola collana moderna ;$v52.$0(OLS)http://semarc/title/7078 850 $aSeMil 852 $aSeMil$W1$xVenegono$y1$m3F II 507$j263318$B15957$CSeMilBibl$Z2$F15957 $81 961 $aOmaggio: Donazione 996 $6020$a88-7016-043-2$9(OLS)http://semarc/number/23331 996 $6245$aDiaconia :$bil servizio cristiano nella prospettiva del Regno di Dio$9(OLS)http://semarc/title/75871 996 $6264$aTorino :$bClaudiana$9(OLS)http://semarc/publisher/29837